Southville International School and Colleges
Your cart is empty.
  • Cart
  • Lists
    Public lists Eva Luna New books Lux_list list_1
    Your lists Log in to create your own lists
  • Log in to your account
  • Your cookies
  • Search history
Southville International School and Colleges
  • Advanced search
  • Recent comments
  • Most popular
  • Libraries

Log in to your account

Log in with GOOGLE


If you do not have an external account, but do have a local account, you can still log in:

  1. Home
  2. MARC view: Mister monday /
Normal view MARC view ISBD view

Mister monday / (Record no. 11690)

[ view plain ]
MARC details
000 -LEADER
fixed length control field 01375cam a22003257a 4500
001 - CONTROL NUMBER
control field 13512658
003 - CONTROL NUMBER IDENTIFIER
control field OSt
005 - DATE AND TIME OF LATEST TRANSACTION
control field 20140310182312.0
008 - FIXED-LENGTH DATA ELEMENTS--GENERAL INFORMATION
fixed length control field 040305s2003 nyu j 000 1 eng d
010 ## - LIBRARY OF CONGRESS CONTROL NUMBER
LC control number 2004540574
020 ## - INTERNATIONAL STANDARD BOOK NUMBER
International Standard Book Number 0439551234
035 ## - SYSTEM CONTROL NUMBER
System control number (OCoLC)ocm52498186
040 ## - CATALOGING SOURCE
Original cataloging agency OWL
Transcribing agency OWL
Modifying agency OCLCQ
-- LEO
-- DLC
042 ## - AUTHENTICATION CODE
Authentication code lccopycat
050 00 - LIBRARY OF CONGRESS CALL NUMBER
Classification number PZ 7
Item number .N647Mi 2003
082 ## - DEWEY DECIMAL CLASSIFICATION NUMBER
Classification number FIC
Item number N65e 2003
100 1# - MAIN ENTRY--PERSONAL NAME
Personal name Nix, Garth.
9 (RLIN) 19379
245 10 - TITLE STATEMENT
Title Mister monday /
Statement of responsibility, etc Garth Nix.
260 ## - PUBLICATION, DISTRIBUTION, ETC. (IMPRINT)
Place of publication, distribution, etc New York :
Name of publisher, distributor, etc Scholastic,
Date of publication, distribution, etc c2003.
300 ## - PHYSICAL DESCRIPTION
Extent 361 p. ;
Dimensions 20 cm.
440 ## - SERIES STATEMENT/ADDED ENTRY--TITLE
Title The keys to the kingdom
9 (RLIN) 20933
520 ## - SUMMARY, ETC.
Summary, etc Arthur Penhaligon is supposed to die at a young age, but is saved by a key that is shaped like the minute hand of a clock. The key causes bizarre creatures to come from another realm, bringing with them a plague. A man named Mister Monday will stop at nothing to get the key back. Arthur goes to a mysterious house that only he can see, so that he can learn the truth about himself and the key.
650 ## - SUBJECT ADDED ENTRY--TOPICAL TERM
Topical term or geographic name as entry element Fiction.
9 (RLIN) 746
800 1# - SERIES ADDED ENTRY--PERSONAL NAME
Personal name Nix, Garth.
Title of a work Keys to the kingdom ;
Volume/sequential designation bk. 1.
9 (RLIN) 20934
856 42 - ELECTRONIC LOCATION AND ACCESS
Materials specified Publisher description
Uniform Resource Identifier <a href="http://www.loc.gov/catdir/description/schol051/2004540574.html">http://www.loc.gov/catdir/description/schol051/2004540574.html</a>
906 ## - LOCAL DATA ELEMENT F, LDF (RLIN)
a 7
b cbc
c copycat
d 2
e ncip
f 20
g y-gencatlg
942 ## - ADDED ENTRY ELEMENTS (KOHA)
Source of classification or shelving scheme Library of Congress Classification
Koha item type
Holdings
Withdrawn status Lost status Source of classification or shelving scheme Damaged status Home library Current library Shelving location Date acquired Total Checkouts Total Renewals Full call number Barcode Date last seen Date checked out Copy number Price effective from Koha item type
    Library of Congress Classification   Luxembourg Library Luxembourg Library Fiction Section 09/19/2013 1 1 PZ 7 .N647Mi 2003 17948 11/27/2015 11/23/2015 1 09/19/2013 Books

Mister monday /

APA

Nix G., . (2003). Mister monday. New York: Scholastic.

Chicago

Nix Garth, . 2003. Mister monday. New York: Scholastic.

Harvard

Nix G., . (2003). Mister monday. New York: Scholastic.

MLA

Nix Garth, . Mister monday. New York: Scholastic. 2003.

  • Place hold
  • Print
  • Cite
  • Add to your cart (remove)
  • Save record
    BIBTEX Dublin Core MARCXML MARC (non-Unicode/MARC-8) MARC (Unicode/UTF-8) MARC (Unicode/UTF-8, Standard) MODS (XML) RIS
  • More searches
    Search for this title in:
    Other Libraries (WorldCat) Other Databases (Google Scholar) Online Stores (Bookfinder.com) Open Library (openlibrary.org)

Exporting to Dublin Core...

SOUTHVILLE LIBRARY

Southville International School and Colleges Library

1281 Tropical Ave. Cor. Luxembourg St., BF Homes International, Las Pinas City

Tel. No. 8256374 / 252358 Loc. 117/146

Powered by Koha